Tuttle's concise Indonesian dictionary

Bibliographic Details
Main Author: Kramer Sr., A.L.N
Other Authors: Koen, Willie
Format: Book
Published: Rutland, Vermont : Charles E. Tuttle Company , 1993
Subjects:

MARC

LEADER 00000cam a2200000 7i4500
001 0000066001
005 20040608.0
020 |a 0804818649 
090 0 0 |a 499.221321   |b KRA 
100 1 |a Kramer Sr., A.L.N. 
245 1 0 |a Tuttle's concise Indonesian dictionary   |c A.L.N. Kramer,Sr. & Willie Koen 
260 |a Rutland, Vermont :   |b Charles E. Tuttle Company ,   |c 1993 
300 |a 519p. ;   |c 15cm. 
650 0 0 |a English language   |x Dictionaries   |z Indonesian 
650 0 0 |a Indonesian language   |x Dictionaries   |x English 
700 1 |a Koen, Willie 
999 |a 00163514   |b BUKU   |c RUJUKAN   |e PERPUSTAKAAN KOMUNITI PETALING JAYA